02007naa a2200217 a 450000100080000000500110000800800410001910000170006024500740007726000090015152014090016065300240156965300210159365300080161465300160162265300130163870000230165170000200167470000190169477300760171311218332014-09-30 2014 bl uuuu u00u1 u #d1 aRICCE, W. S. aZoneamento agroclim??tico da cultura da videira no Estado do Paran??. c2014 aO estado do Paran?? localiza-se em uma regi??o de transi????o clim??tica, com regimes t??rmicos diferentes e varia????es no risco de geadas. O conhecimento dos riscos clim??ticos a que a cultura da videira (Vitis sp.) estar?? exposta ?? importante para o sucesso de seu cultivo. O objetivo deste trabalho foi efetuar o zoneamento agroclim??tico para a cultura da videira no estado do Paran??. Para tanto, foram utilizados dados de 21 esta????es meteorol??gicas convencionais do IAPAR, nas diversas regi??es do estado, com per??odos de observa????o de 1976 a 2010. Foram considerados tr??s grupos de uvas: r??sticas, finas de mesa e finas para vinifica????o. Para cada grupo foram avaliados a defici??ncia h??drica anual, o risco de geadas tardias, a temperatura m??dia anual, o volume de precipita????o anual e a umidade relativa m??dia anual. O principal risco clim??tico ?? a umidade relativa alta que, combinada com a temperatura alta do ar, pode favorecer a ocorr??ncia de doen??as f??ngicas e comprometer o potencial produtivo da cultura. Para as uvas r??sticas, somente o litoral do estado do Paran?? n??o foi considerado apto ao cultivo. Para o cultivo de uvas finas de mesa, somente as regi??es norte, noroeste e oeste s??o consideradas aptas, e para as uvas finas destinadas ?? vinifica????o, somente o litoral e a regi??o leste n??o s??o considerados aptos, segundo os crit??rios estabelecidos. aAptid??o clim??tica aRisco clim??tico aUva aViticultura aVitis sp1 aCARVALHO, S. L. C.1 aCARAMORI, P. H.1 aROBERTO, S. R. tSemina: Ci??ncias Agr??rias, Londrinagv. 35, n. 4, p. 2327-2336, 2014.